000 01619nam0a22003371 4500
001 RU\NLR\A1SV\49823
005 20251203171251.9
035 _a(NLR Aleph) 009731844
090 _a9912454
_c9912454
100 _a20040218d1924 u y0rusy50 ca
101 0 _arus
102 _aRU
200 1 _aСказка-быль о Марье храброй, незаморском Добром Химе и заморской саранче
_e[В стихах]
_fСоч. Александра-Ильинского-Блюменау
_g[Рис. Д.Мельникова]
210 _aМ.
_cГос. воен. изд.
_d1924
215 _a42, [2] с.
_cил.
_d21 см
300 _aНапеч. в Ленинграде
451 1 _1001RU\NLR\A1SV\49824
_99912457
_aИльинский-Блюменау, А. А. (1885-1971)
_cМ.
_d1925
_e2-е изд.
_fСоч. Александра-Ильинского-Блюменау
_nГос. воен. изд.
_o[В стихах]
_p42, [2] с.
_tСказка-быль о Марье храброй, незаморском Добром Химе и заморской саранче
620 _dМосква
620 _dСанкт-Петербург
700 1 _7ca
_8rus
_aИльинский-Блюменау
_bА. А.
_f1885-1971
_gАлександр Адольфович
_9234694
_3RU\NLR\AUTH\770234750
702 1 _aМельников
_bД.И.
_f1889-1966
_gДмитрий Иванович
801 0 _aRU
_bNLR
_c20040218
852 _aNLR
_j38/492
899 _aРКП
899 _aБАН
899 _aРГБ
899 _aНБ ТГУ
942 _cBOOK
980 _aNB
980 _aA1SV